000 00502nam a22001937a 4500
003 NUST - PNEC
005 20170116180822.0
008 150622b xxu||||| |||| 00| 0 eng d
020 _a0201474360
040 _cLIBRARY
082 _a512 FRA
100 _94132
_aFraleigh, John B.
245 _aA first course in abstract algebra
_cJohn B Fraleigh,
250 _aSix ed
260 _aNew York
_bAddison-wesley
_cc1999.
300 _a536 p. :
650 _94134
_aMathematics
_xME
942 _2ddc
_cBK
999 _c63750
_d63750